000
00293nam a2200109Ia 4500
008
210430s9999 xx 000 0 und d
082
_a
423 J415P
100
_a
Javed, Syed Hasan
245
_a
Paramount Chinese-English-Urdu Dictionary
_c
Javed, Syed Hasan
300
_a
504p.
942
_c
BK
_2
ddc
999
_c
565877
_d
565877